000 01707nac a2200265 a 4500
003 CO-PeBPM
005 20260217181452.0
007 ta
008 260217e2025 ck |||| |||| 00| 0 spa d
020 _a9786280181479
040 _aCO-PeBPM
_bspa
_cCO-PeBPM
_erda
041 _aspa
082 0 4 _aCo863 H557y
_222
100 1 _aHernández, Albeiro
_eautor
245 1 4 _a¡Ya vuelvo!
_b: Novela
_c/ Albeiro Hernández
250 _aSegunda edición
260 _aManizales, Colombia
_b: Manigraf Grupo Editorial
_c, 2025
300 _a143 páginas
_c21,5 centimetros
500 _aContiene datos biográficos del autor en la solapa del texto
520 _aCuando la placidez de la vida juvenil no había sido embestida por los avatares de la política, cuentan que los vieron, a ustedes tres, disfrutar del aguacero que a las dos de la tarde remojaba calles y tejados. Y dicen que acompañados de un entusiasta puñado de chicos corrían séptima arriba y octava abajo haciéndole el quite, esquivando el agua que se escurría desde los aleros de las viejas casas de bahareque. Y cogidos de la mano los recuerdan, saltando por encima de charcos y andenes desiguales y, parados al pie de algún bajante de aguas lluvias roto, aguardando por el húmedo testimonio de la dicha. El desafío no culminaba allí. Abrazados para contener el frío que pugnaba por meterse entre sus ropas los vieron dando vueltas al parque El Lago, mientras la magia de las empalagosas lenguas vencía un gigantesco helado de chocolate.
650 1 4 _aLiteratura colombiana
_2LEMB
650 1 4 _aNovela colombiana
_2LEMB
942 _2ddc
_cLIT
_n0
999 _c107128
_d107128